000 00689nam a2200253 i 4500
001 C2-0257892
003 PPAK
005 20180727224716.0
008 040827s2004 my a|||| ||||| | eng d
020 _a9832807670
040 _aPPAK
_beng
_cPPAK
_erda
082 0 4 _a398.2
_223
090 0 0 _a398.2
_bMOT
_dK
245 0 2 _aA mother's dream
264 1 _aSeri Kembangan, Selangor :
_bPenerbitan PCT ,
_c2004
300 _a52 pages :
_billustrations ;
_c19 cm
336 _2rdacontent
_atext
337 _2rdamedia
_aunmediated
338 _2rdacarrier
_avolume
490 1 _aTales from around the world
650 1 0 _aTales
830 0 _aTales from around the world
942 _ddc
_cB
999 _c69605
_d69605